Účtovanie reklamácií
Ak dodaný výrobok, tovar alebo poskytnutá služba nie sú v požadovanej kvalite, môže ich odberateľ v určitej lehote reklamovať a požadovať od dodávateľa odstránenie vady. Účtovanie reklamácií a postupy účtovania.
Saved in:
| Main Author: | |
|---|---|
| Format: | Book Chapter |
| Language: | Slovak |
| Subjects: | |
| Tags: |
No Tags, Be the first to tag this record!
|
MARC
| LEADER | 00000naa a2200000 4500 | ||
|---|---|---|---|
| 001 | 0257259 | ||
| 005 | 20221104110923.1 | ||
| 041 | 0 | |a slo | |
| 044 | |a SK | ||
| 245 | 1 | 0 | |a Účtovanie reklamácií |c Ľudmila Novotná |
| 520 | |a Ak dodaný výrobok, tovar alebo poskytnutá služba nie sú v požadovanej kvalite, môže ich odberateľ v určitej lehote reklamovať a požadovať od dodávateľa odstránenie vady. Účtovanie reklamácií a postupy účtovania. | ||
| 610 | 2 | 0 | |a účtovanie |
| 610 | 2 | 0 | |a reklamácie |
| 610 | 2 | 0 | |a postupy účtovné |
| 100 | 1 | |a Novotná, Ľudmila | |